Skríning diabetickej retinopatie - predspracovanie obrazov očného pozadia

Uložené v:
Podrobná bibliografia
Hlavný autor: Lesay, Boris (Autor)
Ďalší autori: Pavlovičová, Jarmila (Vedúci práce)
Médium: Rukopis Kniha
Jazyk:Slovak
Vydavateľské údaje: 2016
Predmet:
On-line prístup:http://is.stuba.sk/zp/portal_zp.pl?podrobnosti=130940
Tagy: Pridať tag
Žiadne tagy, Buďte prvý, kto otaguje tento záznam!

MARC

LEADER 00000ntm a22000003a 4500
001 stuzp57859
003 SK-STU
005 20160803142429.1
007 ta
008 150427s2015----xo-----f-mn---000-0-slo-d
040 |a STU  |b slo 
041 0 |a slo 
044 |a xo 
100 1 |a Lesay, Boris  |u 031000  |4 aut  |U FEI Fakulta elektrotechniky a informatiky  |T FEI Ústav robotiky a kybernetiky  |X 77267  |U E011  |Y 356  |7 77267 
242 0 1 |a Screening for diabetic retinopathy - fundus image preprocessing  |y eng 
245 1 0 |a Skríning diabetickej retinopatie - predspracovanie obrazov očného pozadia 
260 |c 2016 
300 |a 50 s.,  |b CD-ROM 
650 4 |a Optický disk  |2 slo 
650 4 |a Fast Radial Symmetry Transform  |2 slo 
650 4 |a Hough Transform  |2 slo 
650 4 |a Fast Radial Symmetry Transform  |2 eng 
650 4 |a Hough Transform  |2 eng 
650 4 |a Optical disk  |2 eng 
700 1 |a Pavlovičová, Jarmila  |u 031000  |k Z1  |4 ths  |U FEI Fakulta elektrotechniky a informatiky  |T FEI Ústav robotiky a kybernetiky  |X 1872  |U E011  |Y 356  |7 A000001872 
856 4 |u http://is.stuba.sk/zp/portal_zp.pl?podrobnosti=130940 
996 |b 284EP11417  |c E*DIPL- 11417  |l EE31  |s P  |a 0  |w stuzp57859_0001 
SQL |a stuzp57859  |b DDP  |c SLO  |d Skríning diabetickej retinopatie – predspracovanie obrazov očného pozadia  |e 77267  |f Lesay, Boris  |g 031000  |h 1872  |i Pavlovičová, Jarmila  |j 20160614  |k 1174  |l 03  |m http://is.stuba.sk/zp/portal_zp.pl?podrobnosti=130940  |n I-RK  |o 9.2.7. kybernetika